000 00200 a2200097 4500
001 4926
100 _aCallow,AB
245 _aCooking & Natritive value
260 _a
_bOxford
_c
090 _c4111
_d4111
942 _aNUST-CAE
_cM
_c30392
999 _c239999
_d239999